|
|
|
|
| LEADER |
00000nam a2200000 a 4500 |
| 001 |
vtls010474593 |
| 003 |
SK-MaSNL |
| 005 |
20260301085711.0 |
| 008 |
121128s2009 un o g e 001 0dukr |
| 020 |
|
|
|a 9789660257207 (viaz. : 9. tom)
|
| 020 |
|
|
|a 966022074X
|
| 040 |
|
|
|a SNK
|b slo
|c SNK
|e AACR2
|
| 041 |
0 |
|
|a ukr
|
| 044 |
|
|
|a un
|c UA
|
| 072 |
|
7 |
|a 94(47)
|x Dejiny krajín východnej Európy
|2 konspekt
|
| 072 |
|
7 |
|a 030
|x Všeobecné príručkové diela
|2 konspekt
|
| 080 |
|
|
|a 94(477)
|2 2001
|
| 080 |
|
|
|a (=161.2)
|2 2001
|
| 080 |
|
|
|a 929
|2 2001
|
| 080 |
|
|
|a (031)
|2 2001
|
| 245 |
0 |
0 |
|a Encyklopedija sučasnoji Ukrajiny
|n Tom 9, Je-Ž
|c golovna redakcijna kolegija Dzjuba, I. M. ... [et al.]
|
| 260 |
|
|
|a Kyjiv
|b Instytut encyklopedyčnych doslidžen' NAN Ukrajiny
|c 2009
|
| 300 |
|
|
|a 711 s.
|b fotogr. (čiast. fareb.), ilustr., mp., portréty
|c 30 cm
|
| 648 |
|
7 |
|a 20.-21. stor.
|2 SNKPH
|9 270701
|
| 648 |
|
7 |
|a 20th-21st centuries
|2 SNKPHeng
|9 285312
|
| 650 |
0 |
7 |
|a Ukrajinci
|2 SNKPH
|9 19025
|
| 650 |
0 |
7 |
|a osobnosti
|2 SNKPH
|9 29820
|
| 650 |
0 |
7 |
|a Ukrainians
|2 SNKPHeng
|9 268489
|
| 650 |
0 |
7 |
|a Celebrities
|2 SNKPHeng
|9 265203
|
| 651 |
|
7 |
|a Ukraine
|2 SNKPHeng
|9 266376
|
| 651 |
|
7 |
|a Ukrajina
|2 SNKPH
|9 168045
|
| 655 |
|
7 |
|a encyklopédie
|2 SNKPH
|9 28776
|
| 655 |
|
7 |
|a Encyclopedias
|2 SNKPHeng
|9 90422
|
| 700 |
1 |
|
|a Dzjuba, Ivan,
|d 1931-
|4 edt
|9 111820
|
| 919 |
|
|
|a 978-966-02-5720-7
|
| 999 |
|
|
|c 666421
|d 668351
|
| 952 |
|
|
|t snkUKR/9 030(477)
|a SNKUST
|b SNKUST
|y PREZ
|7 0
|p 17A1060414
|o snkIB 71536/9
|i snk2013/796
|8 2
|g 30.00
|0 0
|1 0
|4 0
|d 2012-11-28
|l 0
|r 2025-03-20 00:00:00
|w 2026-02-23
|